000 00344nam a2200133 i 4500
001 bg
100 1 _aSTEFANOWICZ, Janusz
245 0 _aBunt mniejszości :
_bwspółczesne seperatyzmy narodowe /
_cJanusz Stefanowicz.
260 _aWarszawa,
_c1977.
040 _cBPK
041 _apol
942 _cKS
008 s pl f |000 0 pol
999 _c9455
_d9455
856 _uhttp://koha.tu.koszalin.pl/cgi-bin/koha/opac-detail.pl?biblionumber=9455
_yKatalog online BPK